00400nam a2200121Ia 4500003000400000005001700004008004100021040001800062041000800080100004900088245010600137260003500243OSt20260119155647.0211028s2013 xx 000 0 und d cAIMIT LIBRARY aeng aAlmeida, Vinitha D; James, Justine.g1116175 aComparative analysis of marketing strategies of hyundai with maruti suzuki in the city of mangalore / aMangalorebJustine Jamesc2013